Szczegóły MARC21

Biblioteka, której nie ma... : Andrzej Edward Koźmian i jego książki /

003 -Nazwa inst., której nr kontr. jest w polu 001 [,]
    • @
    • Nazwa instytucji, której n kontrolny jest w polu 001
    • NUKAT
005 -DATA I CZAS OSTATNIEJ MODYFIKACJI [,]
    • @
    • pole kontrolne
    • 20241231112957.0
020 -Międzynarod. znormalizowany nr książki - ISBN [ , ]
    • a
    • Numer ISBN
    • 9788364203510 Find
040 -Instytucja sporządzająca opis [ , ]
    • a
    • Instytucja, która sporządziła opis (NP)
    • BSTOK U/LU
    • c
    • Instytucja, która sporządziła rekord (NP)
    • BSTOK U/LU
    • d
    • Instytucja, która zmodyfikowała rekord (P)
    • BSTOK U/LU
    • d
    • Instytucja, która zmodyfikowała rekord (P)
    • WR O/MB
    • d
    • Instytucja, która zmodyfikowała rekord (P)
    • POZN U/JŁs
    • d
    • Instytucja, która zmodyfikowała rekord (P)
    • WA U/DUNPR
942 -Rodzaj dokumentu [ , ]
    • c
    • Rodzaj dokumentu
    • Książka
100 -Hasło główne - nazwa osobowa [1, ]
    • a
    • Nazwa osobowa (NP)
    • Chamera-Nowak, Agnieszka
    • d
    • Daty biograficzne (NP)
    • (1968- ).
    • 9
    • KHW
    • 91133
245 -Strefa tytułu i oznaczenia odpowiedzialności [1,0]
    • a
    • Tytuł
    • Biblioteka, której nie ma... : Find
    • b
    • Ciąg dalszy tytułu (NP)
    • Andrzej Edward Koźmian i jego książki / Find
    • c
    • Pozostałe elementy strefy tytułu i oznaczenia odpowiedzialności (NP)
    • Agnieszka Chamera-Nowak ; Stowarzyszenie Bibliotekarzy Polskich.
246 -Wariant tytułu [1,0]
    • a
    • Tytuł (NP)
    • Andrzej Edward Koźmian i jego książki
246 -Wariant tytułu [1,5]
    • a
    • Tytuł (NP)
    • Library that is no more... :
    • b
    • Ciąg dalszy tytułu (NP)
    • Andrzej Edward Koźmian and his books
260 -Strefa adresu wydawniczego [ , ]
    • a
    • Miejsce wydania (P)
    • Warszawa :
    • b
    • Nazwa wydawcy (P)
    • Wydawnictwo Stowarzyszenia Bibliotekarzy Polskich,
    • c
    • Data wydania (P)
    • 2015.
300 -Strefa opisu fizycznego [ , ]
    • a
    • Określenie formy książki i/lub objętość (NP)
    • 431, [1] s. :
    • b
    • Oznaczenie ilustracji (NP)
    • il. ;
    • c
    • Format (NP)
    • 24 cm.
336 -Typ zawartości [ , ]
    • a
    • Termin opisujący typ zawartości
    • Tekst
    • b
    • Kod określający zawartość
    • txt
    • 2
    • Źródło (terminu i kodu)
    • rdacontent
337 -Typ mediów [ , ]
    • a
    • Tryb odtwarzania
    • Bez urządzenia pośredniczącego
    • b
    • Kod typu mediów
    • n
    • 2
    • Źródło (terminu i kodu)
    • rdamedia
338 -Typ/rodzaj nośnika [ , ]
    • a
    • Hasło opisujące typ nośnika
    • Wolumin
    • b
    • Kod typu nośnika
    • nc
    • 2
    • Źródło (terminu i kodu)
    • rdacarrier
490 -Strefa serii i książki wielotomowej - forma nie do wyszukiwania [1, ]
    • a
    • Tytuł (P)
    • Nauka-Dydaktyka-Praktyka ; Find
    • v
    • Numeracja (P)
    • 159
830 -Hasło dodatkowe serii i opisu książki wielotomowej - tytuł ujednolicony/tytuł [ ,0]
    • a
    • Tytuł ujednolicony/tytuł (NP)
    • Nauka, Dydaktyka, Praktyka
    • v
    • Oznaczenie tomu (NP)
    • 159
    • 9
    • KHW
    • 7614
504 -Uwaga dot. bibliogr. załącznikowej [ , ]
    • a
    • Uwaga dot. bibliografii załącznikowej
    • Bibliogr. s. 160-168. Indeks.
530 -Uwaga dot. innej postaci fizycznej dokumentu [ , ]
    • a
    • Uwaga dot. innej postaci fizycznej dokumentu
    • Dostępne również w formie elektronicznej.
546 -Uwaga dot. języka [ , ]
    • a
    • Uwaga dot. języka
    • Dodatkowa s. tyt. i spis treści także ang.
600 -Hasło przedmiotowe w formie nazwy osobowej [1,7]
    • a
    • Nazwa osobowa
    • Koźmian, Andrzej Edward
    • d
    • Daty związane z nazwą
    • (1804-1864).
    • 2
    • Źródło terminu
    • kaba
    • 9
    • KHW
    • 241071
600 -Hasło przedmiotowe w formie nazwy osobowej [1,7]
    • a
    • Nazwa osobowa
    • Koźmian, Andrzej Edward
    • d
    • Daty związane z nazwą
    • (1804-1864)
    • x
    • Określnik rzeczowy
    • biblioteka.
    • 2
    • Źródło terminu
    • kaba
    • 9
    • KHW
    • 390402
610 -Hasło przedmiotowe w formie nazwy ciała zbiorowego [2,7]
    • a
    • Nazwa ciała zbiorowego lub nazwa geograficzna
    • Zakład Narodowy im. Ossolińskich.
    • b
    • Nazwa jednostki podrzędnej
    • Biblioteka
    • v
    • Określnik formalny
    • katalogi.
    • 2
    • Źródło terminu
    • kaba
    • 9
    • KHW
    • 362576
710 -Hasło dodatkowe - nazwa ciała zbiorowego [2, ]
    • a
    • Nazwa ciała zbiorowego lub nazwa geograficzna jako pierwszy element (NP)
    • Stowarzyszenie Bibliotekarzy Polskich.
    • b
    • Nazwa jednostki podrzędnej (P)
    • Wydawnictwo.
    • 4
    • Kod relacji
    • pbl
    • 9
    • KHW
    • 52190
856 -Dostęp do wersji elektronicznej [4,1]
920 -ISBN [ , ]
    • a
    • ISBN
    • 978-83-64203-51-0 Find
Status udost. Numer inwentarzowy Sygnatura Lokalizacja Data inwentaryzacji
-2E.76129 BE2015-11-24
1Inf.643VI.21BG2015-11-24
1P.25210 BM2015-11-24